Language Quiz

Random Language or Biology Quiz
Score 0/30 Timer 07:00
5 Plays Today
% Correct
Brócoli (Broccoli)
88.7%
Coliflor (Cauliflower)
86.7%
Maíz (Corn)
86.3%
Espinaca (Spinach)
80.5%
Coles de Bruselas (Brussels sprouts)
79.5%
Espárrago (Asparagus)
79.2%
Papa (Potato)
73.3%
Rábano negro (Black radish)
71%
Repollo rojo (Red cabbage)
65.8%
Lechuga (Lettuce)
61.7%
Ajo (Garlic)
60.1%
Cebolla (Onion)
59.4%
Zanahoria (Carrot)
54.9%
Jengibre (Ginger)
50.5%
Judías verdes (Green beans)
48.2%
% Correct
Endivia (Endive)
44.2%
Rábano (Radish)
44.2%
Alcachofa (Artichoke)
43.3%
Repello verde (Green cabbage)
43%
Guisantes (Peas)
39.6%
Nabo (Turnip)
28.6%
Camote (Sweet potato)
27.1%
Remolacha (Beet)
26.6%
Berro (Watercress)
26.3%
Nabo Sueco (Rutabaga)
26.1%
Apio (Celery)
25.5%
Hinojo (Fennel)
24.6%
Colinabo (Kohlrabi)
23.6%
Puerro (Leek)
20.4%
Chirivía (Parsnip)
19.5%
Remove Ads.
Support Sporcle.
Get the best of Sporcle when you Go Orange. This ad-free experience offers more features, more stats, and more fun while also helping to support Sporcle. Thank you for becoming a member.

You're not logged in!

Compare scores with friends on all Sporcle quizzes.
OR
Log In

Show Comments

Extras

Top Quizzes Today


Score Distribution

Your Account Isn't Verified!

In order to create a playlist on Sporcle, you need to verify the email address you used during registration. Go to your Sporcle Settings to finish the process.

Report this User

Report this user for behavior that violates our Community Guidelines.

Details: